[Event "Titled Tue 10th Jun Early"]
[Site "chess.com INT"]
[Date "2025.06.10"]
[Round "6"]
[White "Gulkov, Igor A."]
[Black "Mummana Venkata Ruthvik"]
[Result "0-1"]
[WhiteTitle "IM"]
[BlackTitle "CM"]
[WhiteElo "2358"]
[BlackElo "2237"]
[WhiteFideId "4120973"]
[BlackFideId "25697307"]
[EventDate "2025.06.10"]

1. Nf3 Nf6 2. c4 g6 3. Nc3 Bg7 4. e4 d6 5. d4 O-O 6. Be2 e5 7. Be3 Ng4 8. Bg5 f6
9. Bh4 Nc6 10. d5 Ne7 11. Nd2 Nh6 12. f3 g5 13. Bf2 f5 14. h3 Ng6 15. g4 fxe4
16. fxe4 Nf4 17. Rh2 Nf7 18. Nf1 h5 19. Ne3 Qf6 20. Nf5 Nh6 21. Bf3 Bd7 22. Qd2
Rae8 23. O-O-O b6 24. Rg1 Rf7 25. Kb1 Bc8 26. Ka1 Ba6 27. b3 Bc8 28. Qc2 Bxf5
29. gxf5 Nxf5 30. exf5 e4 31. Bd1 Qxc3+ 32. Qxc3 Bxc3+ 33. Kb1 e3 34. Be1 Bxe1
35. Rxe1 Rxf5 36. Kc2 Rfe5 37. Be2 Kg7 38. Kd1 Kh6 39. Rg1 Re4 40. Bf3 Rd4+ 41.
Kc2 0-1

[Event "Titled Tue 10th Jun Early"]
[Site "chess.com INT"]
[Date "2025.06.10"]
[Round "6"]
[White "Katishonok, Nikolaj"]
[Black "Kapra, Jerjis"]
[Result "1-0"]
[WhiteTitle "FM"]
[WhiteElo "2004"]
[BlackElo "2055"]
[WhiteFideId "11600225"]
[BlackFideId "2640341"]
[EventDate "2025.06.10"]

1. Nf3 d6 2. c4 e5 3. d4 e4 4. Ng5 f5 5. h4 c6 6. g3 Nf6 7. Bg2 d5 8. b3 Bb4+ 9.
Bd2 Bd6 10. O-O O-O 11. Nc3 h6 12. Nh3 Be6 13. c5 Be7 14. Nf4 Bf7 15. b4 Nbd7
16. b5 g5 17. hxg5 hxg5 18. Nh3 Nh5 19. Qa4 Qc7 20. Bxg5 Bxg5 21. Nxg5 Nxg3 22.
fxg3 Qxg3 23. bxc6 bxc6 24. Qxc6 Qxg5 25. Qxd7 Qe3+ 26. Rf2 Qxc3 27. Raf1 Qxd4
28. Qxf5 Rae8 29. c6 Qe5 30. Qxe5 Rxe5 31. Bh3 Re7 32. Bd7 Kh7 33. Rh2+ Kg7 34.
Rg2+ Kh7 35. Rf4 1-0

[Event "Titled Tue 10th Jun Early"]
[Site "chess.com INT"]
[Date "2025.06.10"]
[Round "6"]
[White "Niemann, Hans Moke"]
[Black "Sargsyan, Shant"]
[Result "1-0"]
[WhiteTitle "GM"]
[BlackTitle "GM"]
[WhiteElo "2736"]
[BlackElo "2669"]
[WhiteFideId "2093596"]
[BlackFideId "13306766"]
[EventDate "2025.06.10"]

1. e4 g6 2. d4 Nf6 3. Bd3 d5 4. e5 Nfd7 5. f4 c5 6. c3 Nc6 7. Nf3 Qb6 8. Bc2
Ndb8 9. h3 Bf5 10. Bxf5 gxf5 11. dxc5 Qxc5 12. b4 Qb6 13. Qxd5 Rg8 14. Qd3 Rxg2
15. Be3 Qd8 16. Qxf5 Qd5 17. Rf1 Nd7 18. Nbd2 O-O-O 19. c4 Qe6 20. Qxe6 fxe6 21.
a3 Bh6 22. Rf2 Rg3 23. Ne4 Rxh3 24. Ke2 Ndxe5 25. fxe5 Bxe3 26. Kxe3 Nxe5 27.
Ke2 Nd3 28. Rh2 Nf4+ 29. Ke3 e5 30. Rxh3 Rd3+ 31. Kf2 Nxh3+ 32. Kg3 Nf4 33. Rh1
h5 34. Kf2 Rxa3 35. Nxe5 a5 36. bxa5 Rxa5 37. Kf3 Ne6 38. Rxh5 Kc7 39. Ke3 b6
40. Nc3 Ra3 41. Kd2 Nc5 42. Nb5+ 1-0

[Event "Titled Tue 10th Jun Early"]
[Site "chess.com INT"]
[Date "2025.06.10"]
[Round "6"]
[White "Iljin, Timofey"]
[Black "Sklokin, Sergey"]
[Result "0-1"]
[WhiteTitle "IM"]
[BlackTitle "FM"]
[WhiteElo "2242"]
[BlackElo "2311"]
[WhiteFideId "14110180"]
[BlackFideId "55730230"]
[EventDate "2025.06.10"]

1. e4 c5 2. Nc3 e6 3. g3 Nc6 4. Bg2 Nf6 5. d3 d5 6. exd5 exd5 7. Bg5 d4 8. Ne4
Be7 9. Bxf6 Bxf6 10. Ne2 Be7 11. O-O O-O 12. Nf4 Re8 13. Re1 Bf5 14. Qh5 Bg6 15.
Qh3 Bf8 16. Nxg6 hxg6 17. f4 Be7 18. f5 gxf5 19. Qxf5 g6 20. Qf4 Kg7 21. Rf1 f5
22. Rae1 fxe4 23. Qf7+ Kh6 24. Rxe4 Rf8 25. Qe6 Rxf1+ 26. Bxf1 Qd6 27. Qh3+ Kg7
28. Re6 Qd8 29. Qg4 Bf6 30. Bg2 Ne5 31. Qe4 Nf7 32. Qxb7 Rb8 33. Qe4 Ng5 34. Qg4
Nxe6 35. Qxe6 Qe7 36. Qd5 Qe3+ 37. Kf1 Qc1+ 38. Kf2 Qxc2+ 39. Kf3 Qxd3+ 40. Kg4
Qf5+ 0-1

[Event "Titled Tue 10th Jun Early"]
[Site "chess.com INT"]
[Date "2025.06.10"]
[Round "6"]
[White "Khazhatuly, Alikhan"]
[Black "Lazaro Azcutia, Miguel"]
[Result "1-0"]
[WhiteTitle "CM"]
[BlackTitle "CM"]
[WhiteElo "2173"]
[BlackElo "2275"]
[WhiteFideId "13731335"]
[BlackFideId "54538254"]
[EventDate "2025.06.10"]

1. e4 e5 2. Nf3 Nc6 3. Nc3 Nf6 4. Bb5 Bd6 5. O-O O-O 6. d3 h6 7. Bxc6 dxc6 8. h3
c5 9. Ne2 Re8 10. Ng3 Nh7 11. Qe2 Nf8 12. Bd2 Ne6 13. Nf5 a5 14. N3h4 Bf8 15. g3
a4 16. Rae1 a3 17. b3 g6 18. Nxh6+ Bxh6 19. Bxh6 Nd4 20. Qd2 Bxh3 21. c3 Bxf1
22. cxd4 Bh3 23. dxe5 Rxe5 24. f4 Re8 25. f5 gxf5 26. Kh2 Bg4 27. Bg5 Qd4 28.
Be3 Qg7 29. exf5 1-0

[Event "Titled Tue 10th Jun Early"]
[Site "chess.com INT"]
[Date "2025.06.10"]
[Round "6"]
[White "Yang, Daniel"]
[Black "Gubatayev, Ahmet"]
[Result "1-0"]
[WhiteTitle "CM"]
[BlackTitle "CM"]
[WhiteElo "2198"]
[BlackElo "2191"]
[WhiteFideId "30976340"]
[BlackFideId "14004526"]
[EventDate "2025.06.10"]

1. Nf3 d5 2. e3 Nf6 3. c4 e6 4. Nc3 Be7 5. b3 a5 6. Be2 O-O 7. O-O c5 8. cxd5
exd5 9. d4 Nc6 10. dxc5 Bxc5 11. Bb2 Be6 12. Nb5 Qe7 13. Nbd4 Ba3 14. Bxa3 Qxa3
15. Qc1 Qd6 16. Nb5 Qe7 17. Nfd4 Rac8 18. Qb2 Ne4 19. Bd3 Qf6 20. Rab1 Nb4 21.
Bxe4 dxe4 22. Nd6 Nd3 23. Qd2 Bd5 24. Nxc8 Rxc8 25. f3 Qg6 26. fxe4 Bxe4 27.
Rbd1 h5 28. Nf3 Nb4 29. a3 Nd5 30. Qxa5 Nxe3 31. Rd8+ Kh7 32. Ng5+ Kh6 33. Nxf7+
Kh7 34. Ng5+ Kh6 35. Rxc8 Qxg5 36. Qxg5+ Kxg5 37. Re1 Bf5 38. Rc5 Nc2 39. Ree5
g6 40. Rxc2 Kf6 41. Rce2 b6 42. Kf2 h4 43. g3 1-0

[Event "Titled Tue 10th Jun Early"]
[Site "chess.com INT"]
[Date "2025.06.10"]
[Round "6"]
[White "Sitnic, Adnan"]
[Black "Loskutova, Viktoriya"]
[Result "0-1"]
[WhiteTitle "CM"]
[BlackTitle "WFM"]
[WhiteElo "2058"]
[BlackElo "2092"]
[WhiteFideId "14403854"]
[BlackFideId "34166278"]
[EventDate "2025.06.10"]

1. e4 e5 2. Nf3 Nc6 3. Bb5 a6 4. Ba4 d6 5. h3 Nf6 6. d3 b5 7. Bb3 Na5 8. c3 Nxb3
9. axb3 Be7 10. b4 O-O 11. Nbd2 d5 12. O-O Bb7 13. Nxe5 dxe4 14. dxe4 Bd6 15.
Nef3 Nxe4 16. Nxe4 Bxe4 17. Re1 Bb7 18. Be3 Qd7 19. Bc5 Rfe8 20. Rxe8+ Rxe8 21.
Bxd6 cxd6 22. Qd3 h6 23. Re1 Rxe1+ 24. Nxe1 Qe6 25. Nf3 g6 26. Qe3 Qxe3 27. fxe3
Bxf3 28. gxf3 Kg7 29. Kf2 Kf6 30. f4 Kf5 31. Kf3 d5 32. Kf2 Ke4 33. Ke2 f6 34.
h4 h5 35. b3 Kf5 36. Kf3 g5 37. fxg5 fxg5 38. hxg5 Kxg5 39. e4 dxe4+ 40. Kxe4
Kg4 41. Ke3 Kg3 42. c4 h4 43. c5 h3 44. c6 h2 45. c7 h1=Q 46. c8=Q Qe1+ 47. Kd3
Qd1+ 48. Ke4 Qxb3 49. Qc7+ Kf2 50. Qb6+ Ke2 51. Qxa6 Qxb4+ 52. Kd5 Qc4+ 53. Kd6
Kd2 54. Qa5+ b4 55. Qg5+ Kc2 56. Qg2+ Kc3 57. Qf2 Qd4+ 58. Qxd4+ Kxd4 0-1

[Event "Titled Tue 10th Jun Early"]
[Site "chess.com INT"]
[Date "2025.06.10"]
[Round "6"]
[White "Sakhayi, Mostafa"]
[Black "Arya G Mallar"]
[Result "0-1"]
[WhiteTitle "CM"]
[BlackTitle "WCM"]
[WhiteElo "2166"]
[BlackElo "2000"]
[WhiteFideId "12512532"]
[BlackFideId "25115324"]
[EventDate "2025.06.10"]

1. d4 Nf6 2. c4 e6 3. Nc3 Bb4 4. e3 O-O 5. Bd3 d5 6. Nf3 dxc4 7. Bxc4 c5 8. O-O
cxd4 9. exd4 b6 10. Bg5 Bb7 11. Rc1 Be7 12. Qd3 Nbd7 13. Rfd1 Rc8 14. Bb3 h6 15.
Be3 Bxf3 16. gxf3 Bd6 17. Bc2 g6 18. Bxh6 Re8 19. Bg5 Qc7 20. Nb5 Bxh2+ 21. Kg2
Qb8 22. Rh1 Bf4 23. Rh6 Bxg5 24. Rxg6+ fxg6 25. Qxg6+ Kf8 26. Qxg5 Ke7 27. Qg7+
Kd8 28. Bg6 Rg8 29. Rxc8+ Kxc8 30. Qf7 Qf4 31. Kf1 Qc1+ 32. Kg2 Qg5+ 33. Kf1
Qxg6 34. Qe7 Qd3+ 0-1

[Event "Titled Tue 10th Jun Early"]
[Site "chess.com INT"]
[Date "2025.06.10"]
[Round "6"]
[White "Tiitta, Sauli"]
[Black "Nguyen Thi Mai Hung"]
[Result "0-1"]
[BlackTitle "WGM"]
[WhiteElo "2157"]
[BlackElo "2191"]
[WhiteFideId "502251"]
[BlackFideId "12401676"]
[EventDate "2025.06.10"]

1. g4 d5 2. h3 c5 3. c4 dxc4 4. Bg2 Nd7 5. Qa4 Qc7 6. Nc3 Nf6 7. g5 Nh5 8. Nd5
Qd6 9. Qxc4 e6 10. Nc3 Nf4 11. Bf3 Nb6 12. Qe4 Nfd5 13. d3 Be7 14. Bd2 Bd7 15.
h4 Bc6 16. Qg4 O-O-O 17. Nh3 Kb8 18. O-O-O Ka8 19. Ne4 Qc7 20. Kb1 Na4 21. Rc1
Qb6 22. Rc2 Nb4 23. Bxb4 Qxb4 24. a3 Qb3 25. Nd2 Qb5 26. Bxc6 Qxc6 27. Rhc1 Qb5
28. Nc4 Rd4 29. Qf3 f6 30. Ka2 Rxh4 31. Qg3 Rd4 32. Qc7 Re8 33. gxf6 gxf6 34. e3
Rd7 35. Nf4 Rxc7 36. Nxe6 Rc6 0-1

[Event "Titled Tue 10th Jun Early"]
[Site "chess.com INT"]
[Date "2025.06.10"]
[Round "6"]
[White "Dyulgerov, Volen"]
[Black "Lloret Ramis, Juan Jose"]
[Result "1-0"]
[WhiteTitle "CM"]
[BlackTitle "FM"]
[WhiteElo "2200"]
[BlackElo "2019"]
[WhiteFideId "2918978"]
[BlackFideId "2204053"]
[EventDate "2025.06.10"]

1. e4 c5 2. d4 cxd4 3. c3 dxc3 4. Nxc3 Nc6 5. Bc4 e6 6. Nf3 d6 7. O-O Nf6 8. Re1
Be7 9. Bg5 h6 10. Bf4 a6 11. Qd2 b5 12. Bd5 Bb7 13. Rac1 O-O 14. Bxh6 gxh6 15.
Qxh6 Nh7 16. Re3 Bf6 17. Bxc6 Bxc6 18. Nd4 Bg7 19. Rg3 Qf6 20. Qxf6 Nxf6 21.
Nxc6 Rfe8 22. Ne2 Nxe4 23. Rg4 f5 24. Rh4 Bf6 25. Rh3 Bg5 26. f4 Bf6 27. Ng3 Kf7
28. Nh5 Rac8 29. Nxf6 Kxf6 30. Rh6+ Kg7 31. Rh3 Nc5 32. Nd4 1-0

[Event "Titled Tue 10th Jun Early"]
[Site "chess.com INT"]
[Date "2025.06.10"]
[Round "6"]
[White "Onur, Cigdem"]
[Black "Wu, Derek"]
[Result "0-1"]
[WhiteTitle "WCM"]
[BlackTitle "FM"]
[WhiteElo "1956"]
[BlackElo "2232"]
[WhiteFideId "6346030"]
[BlackFideId "30914558"]
[EventDate "2025.06.10"]

1. e4 e5 2. Nc3 Nf6 3. f4 d5 4. fxe5 Nxe4 5. Qf3 Nc6 6. Bb5 Nxc3 7. bxc3 Qh4+ 8.
g3 Qe4+ 9. Qxe4 dxe4 10. d4 Bd7 11. Ne2 h5 12. O-O h4 13. Bc4 f5 14. exf6 gxf6
15. Rxf6 O-O-O 16. Bd5 Be7 17. Rf7 Be8 18. Be6+ Kb8 19. Rf4 Bg6 20. Rb1 Bg5 21.
Rg4 Bxc1 22. Rxc1 Bh5 23. Rxe4 hxg3 24. Nxg3 Bf3 25. Rf4 Bd5 26. Bxd5 Rxd5 27.
Rb1 b6 28. Rbf1 Kb7 29. Rf8 Rh4 30. Rg8 Ra5 31. Rff8 Rxa2 32. Nf5 Re4 33. d5 Ne5
34. Rb8+ Ka6 35. Nd4 Ra3 36. Rg3 Nc4 37. Kf2 Ra1 38. Kf3 Rae1 39. Rg2 R1e3+ 40.
Kf2 Rf4+ 41. Kg1 Re1# 0-1

[Event "Titled Tue 10th Jun Early"]
[Site "chess.com INT"]
[Date "2025.06.10"]
[Round "6"]
[White "Pavlov, Nikolay"]
[Black "Rees, Ioan"]
[Result "1-0"]
[WhiteTitle "FM"]
[BlackTitle "FM"]
[WhiteElo "2316"]
[BlackElo "2280"]
[WhiteFideId "24141470"]
[BlackFideId "1801236"]
[EventDate "2025.06.10"]

1. e4 e5 2. Nf3 Nc6 3. Bc4 Nf6 4. d3 d5 5. exd5 Nxd5 6. O-O Nb6 7. Bb3 Bg4 8. h3
Bh5 9. Re1 Qe7 10. Nbd2 O-O-O 11. Ne4 Nd4 12. g4 Bg6 13. Nxd4 exd4 14. Bg5 f6
15. Nxf6 Qc5 16. Ne4 Bxe4 17. Bxd8 Bc6 18. Bh4 Bd6 19. Qd2 Nd5 20. Qg5 a5 21. a4
Rf8 22. Bg3 Nf4 23. Qxc5 Bxc5 24. Kh2 Bd6 25. Bc4 Nxd3 26. Rf1 Ne5 27. Bxe5
Bxe5+ 28. Kg1 Rf3 29. Bb5 Bd5 30. Rae1 Rxh3 31. f4 Bf6 32. g5 Bd8 33. Re5 c6 34.
Bd3 Rg3+ 35. Kh2 Bc7 36. Kxg3 Bxe5 37. fxe5 b6 38. Bxh7 Kd7 39. Bf5+ Ke7 40. Kf4
c5 41. Be4 Bc6 42. Bxc6 Ke6 1-0

[Event "Titled Tue 10th Jun Early"]
[Site "chess.com INT"]
[Date "2025.06.10"]
[Round "6"]
[White "Arun, Siddharth"]
[Black "Gibala, Adam"]
[Result "1-0"]
[BlackTitle "CM"]
[WhiteElo "1978"]
[BlackElo "2245"]
[WhiteFideId "2079178"]
[BlackFideId "21070288"]
[EventDate "2025.06.10"]

1. d4 c5 2. e4 cxd4 3. c3 dxc3 4. Nxc3 Nc6 5. Nf3 e6 6. Bc4 Bb4 7. O-O Nge7 8.
Bg5 f6 9. Bf4 Bxc3 10. bxc3 d5 11. exd5 exd5 12. Bb3 Be6 13. Nd4 Bf7 14. Qg4
Nxd4 15. cxd4 O-O 16. Rac1 Rc8 17. Qg3 Qd7 18. Qd3 Rxc1 19. Rxc1 Rc8 20. Rxc8+
Qxc8 21. h3 Qd7 22. Qc3 Nc6 23. Ba4 Be6 24. Bxc6 bxc6 25. Qa5 Qb7 26. Qd8+ Kf7
27. Bd6 h6 28. Bc5 a6 29. a4 Kg6 30. Kh2 Kh7 31. Be7 Bf5 32. Qf8 Bc2 33. a5 Be4
34. Bd6 Qd7 35. Qe7 Qf5 36. f3 Bd3 37. Qe3 Bb5 38. Qf4 Qc2 39. h4 Bf1 40. Qg3
Bd3 41. Bf8 g5 42. h5 Qb3 43. Qc7+ 1-0

[Event "Titled Tue 10th Jun Early"]
[Site "chess.com INT"]
[Date "2025.06.10"]
[Round "6"]
[White "Heimann, Alexander"]
[Black "Tao, Sihan"]
[Result "1/2-1/2"]
[BlackTitle "FM"]
[WhiteElo "2238"]
[BlackElo "2202"]
[WhiteFideId "2006073"]
[BlackFideId "30982677"]
[EventDate "2025.06.10"]

1. e4 d5 2. exd5 Qxd5 3. Nc3 Qa5 4. Nf3 Nf6 5. d4 c6 6. Bc4 Bf5 7. O-O e6 8. Re1
Bd6 9. h3 O-O 10. Ne5 Nd5 11. Bd2 Nxc3 12. Bxc3 Qc7 13. Qh5 Nd7 14. Bb3 b5 15.
Rad1 b4 16. Bd2 Nxe5 17. dxe5 Bxe5 18. Bxb4 Rfd8 19. Rxd8+ Rxd8 20. g4 Bh2+ 21.
Kg2 Bg6 22. Qa5 Bd6 23. Rd1 Qb8 24. Bxd6 Rxd6 25. Rxd6 Qxd6 26. Qxa7 h5 27. Qe3
hxg4 28. hxg4 Qb4 29. f3 c5 30. a4 c4 31. Qd4 Bd3 32. cxd3 Qd2+ 33. Kh3 cxb3 34.
Qd8+ Kh7 35. Qd7 Qe2 36. Qxf7 Qxb2 37. Qh5+ Kg8 38. Qe8+ Kh7 39. Qxe6 Qc2 40.
Qf5+ Kg8 41. g5 Qd1 42. Qe6+ Kf8 43. g6 Qh1+ 44. Kg3 Qg1+ 45. Kf4 Qh2+ 46. Ke3
Qg1+ 47. Kd2 Qg5+ 48. Kc3 Qa5+ 49. Kxb3 Qc3+ 50. Kxc3 1/2-1/2

[Event "Titled Tue 10th Jun Early"]
[Site "chess.com INT"]
[Date "2025.06.10"]
[Round "6"]
[White "Vifleemskaia, Svetlana"]
[Black "Devagharan, Devina"]
[Result "0-1"]
[WhiteTitle "WFM"]
[BlackTitle "WFM"]
[WhiteElo "1942"]
[BlackElo "1860"]
[WhiteFideId "4129490"]
[BlackFideId "2061600"]
[EventDate "2025.06.10"]

1. d4 d5 2. c4 e6 3. Nc3 Be7 4. cxd5 exd5 5. Bf4 c6 6. e3 Nf6 7. Bd3 O-O 8. h3
Re8 9. Nge2 Nbd7 10. O-O Nf8 11. Qc2 Bd6 12. Bg5 h6 13. Bh4 Be7 14. Bg3 Be6 15.
Na4 Bd6 16. Nc5 Rb8 17. b4 Nh5 18. Bxd6 Qxd6 19. Rab1 b6 20. Na6 Rbc8 21. Rfc1
Qd7 22. Kh2 f5 23. f4 Nf6 24. Ng3 Ne4 25. Nxe4 fxe4 26. Be2 Qd6 27. Qd2 Re7 28.
b5 c5 29. a4 c4 30. Nb4 Bd7 31. Na2 g5 32. g3 Ng6 33. Nc3 Rf8 34. Rg1 Kh7 35.
Rbf1 Ref7 36. Bh5 Qe6 37. Bxg6+ Kxg6 38. g4 Qd6 39. Kh1 gxf4 40. exf4 Rxf4 41.
Rxf4 Rxf4 42. Nxd5 Rf3 43. Ne3 Rxh3+ 44. Kg2 Rh2+ 0-1

[Event "Titled Tue 10th Jun Early"]
[Site "chess.com INT"]
[Date "2025.06.10"]
[Round "6"]
[White "Brenke, Andreas"]
[Black "Sobek, Jaroslav"]
[Result "1-0"]
[WhiteTitle "FM"]
[BlackTitle "FM"]
[WhiteElo "2349"]
[BlackElo "2195"]
[WhiteFideId "4602900"]
[BlackFideId "301388"]
[EventDate "2025.06.10"]

1. d4 Nf6 2. c4 e5 3. dxe5 Ng4 4. e4 Nxe5 5. f4 Nec6 6. Nc3 Bb4 7. Nf3 Bxc3+ 8.
bxc3 Na6 9. Bd3 Nc5 10. Bc2 b6 11. O-O Bb7 12. e5 Qe7 13. Nd4 g6 14. a4 a5 15.
Nb5 O-O-O 16. Ba3 Kb8 17. Rb1 Na7 18. Qc1 Nxb5 19. Rxb5 Bc6 20. Bxc5 Qe6 21. Rb1
Qxc4 22. Bd4 Rhe8 23. Qb2 Ka8 24. Rfd1 Rb8 25. Bb3 Qa6 26. Qa2 f6 27. Bd5 fxe5
28. fxe5 Rf8 29. Qc4 Qb7 30. Bxc6 dxc6 31. e6 Rfe8 32. Bf2 c5 33. Re1 Qc6 34.
Re4 Rbd8 35. Rbe1 Rd2 36. e7 Kb7 37. Bg3 Kb8 38. Qb5 1-0

[Event "Titled Tue 10th Jun Early"]
[Site "chess.com INT"]
[Date "2025.06.10"]
[Round "6"]
[White "Urazayev, Arystanbek"]
[Black "Manzone, Alessandro"]
[Result "1-0"]
[WhiteTitle "IM"]
[BlackTitle "FM"]
[WhiteElo "2490"]
[BlackElo "2397"]
[WhiteFideId "13709810"]
[BlackFideId "112488"]
[EventDate "2025.06.10"]

1. e4 c5 2. Nf3 e6 3. g3 a6 4. Bg2 b5 5. O-O Bb7 6. Re1 Be7 7. a4 Nf6 8. e5 Nd5
9. Nc3 b4 10. Ne4 O-O 11. c4 bxc3 12. bxc3 f5 13. Nd6 Bxd6 14. exd6 Nc6 15. Ba3
c4 16. Rb1 Na5 17. Ne5 Rb8 18. Bc5 Qc8 19. Ba7 Ra8 20. Bd4 Nb3 21. Rxb3 cxb3 22.
Qxb3 Rb8 23. Qd1 Nf6 24. Bxb7 Qxb7 25. f3 Qb3 26. Qxb3 Rxb3 27. Nd3 Rfb8 28. Kf2
Rb1 29. a5 Rxe1 30. Kxe1 Kf7 31. Nb4 Nd5 32. Nxa6 Ra8 33. Nc5 Rxa5 34. Nxd7 Ra6
35. Ne5+ Ke8 36. c4 Nf6 37. c5 Ra4 38. c6 Rxd4 39. c7 Rc4 40. Nxc4 Kd7 41. Nb6+ 1-0

[Event "Titled Tue 10th Jun Early"]
[Site "chess.com INT"]
[Date "2025.06.10"]
[Round "6"]
[White "Ozen, Batuhan"]
[Black "Shevchenko, Yaroslav"]
[Result "0-1"]
[WhiteTitle "CM"]
[WhiteElo "2128"]
[BlackElo "2179"]
[WhiteFideId "6345123"]
[BlackFideId "34144684"]
[EventDate "2025.06.10"]

1. d4 e6 2. Nf3 c5 3. e3 Nf6 4. b3 Nc6 5. Bb2 cxd4 6. exd4 b6 7. a3 Bb7 8. Bd3
Rc8 9. Nbd2 Be7 10. Qe2 Nd5 11. g3 Qc7 12. h4 Qb8 13. Ng5 Nf6 14. Nde4 h6 15.
Nf3 Qa8 16. Ned2 a6 17. O-O O-O 18. Ne5 b5 19. Rae1 d6 20. Nxc6 Bxc6 21. Kh2 h5
22. f3 Rfe8 23. Ne4 Nd5 24. f4 Nf6 25. Nxf6+ Bxf6 26. Qxh5 Qb7 27. Qh7+ Kf8 28.
f5 e5 29. g4 Ke7 30. g5 Rh8 31. gxf6+ gxf6 0-1

[Event "Titled Tue 10th Jun Early"]
[Site "chess.com INT"]
[Date "2025.06.10"]
[Round "6"]
[White "Aradhya, Garg"]
[Black "Mitrabha, Guha"]
[Result "0-1"]
[WhiteTitle "IM"]
[BlackTitle "GM"]
[WhiteElo "2370"]
[BlackElo "2515"]
[WhiteFideId "25006746"]
[BlackFideId "5057000"]
[EventDate "2025.06.10"]

1. d4 Nf6 2. c4 e6 3. Nf3 b6 4. g3 Ba6 5. Nbd2 Bb4 6. Qa4 Bxd2+ 7. Bxd2 Bb7 8.
Bg2 O-O 9. O-O d6 10. b4 Nbd7 11. Rfc1 a6 12. Qb3 b5 13. c5 Bd5 14. Qc2 Qb8 15.
a4 Be4 16. Qc3 bxa4 17. Rxa4 Qb5 18. Ra5 Qxe2 19. Re1 Qd3 20. Qxd3 Bxd3 21. Ng5
d5 22. Nh3 Nb8 23. Bc3 Nc6 24. Ra3 Ne4 25. Nf4 Nxc3 26. Rxc3 Bb5 27. Rd1 Nxb4
28. Rd2 a5 29. h4 c6 30. Ra3 Rfb8 31. Rb2 Bc4 32. Bf3 h6 33. Bd1 Kf8 34. Ba4 Ke7
35. h5 Kd7 36. Rf3 Na6 37. Rxb8 Rxb8 38. Nd3 f6 39. Nf4 Rb4 40. Bc2 Rb2 41. Rc3
Nb4 42. Bg6 e5 43. dxe5 fxe5 44. Re3 exf4 45. Bf5+ Kd8 46. Re6 fxg3 47. Rd6+ Ke7
48. fxg3 Re2 49. g4 a4 50. Rd7+ Kf6 51. Rd6+ Ke5 52. Rd7 a3 53. Rxg7 a2 54. Ra7
Na6 0-1

[Event "Titled Tue 10th Jun Early"]
[Site "chess.com INT"]
[Date "2025.06.10"]
[Round "6"]
[White "Bournel, Antoine"]
[Black "Dziththauly Ramadhan"]
[Result "0-1"]
[WhiteTitle "IM"]
[BlackTitle "CM"]
[WhiteElo "2423"]
[BlackElo "2171"]
[WhiteFideId "26093553"]
[BlackFideId "7105525"]
[EventDate "2025.06.10"]

1. Nf3 c5 2. e3 d5 3. d4 Nf6 4. dxc5 Nc6 5. a3 a5 6. Bb5 e6 7. Qd4 Qc7 8. b4
axb4 9. axb4 Rxa1 10. Qxa1 Be7 11. Bb2 O-O 12. Bxc6 bxc6 13. O-O Bb7 14. Be5 Qd7
15. Nbd2 Ra8 16. Qb2 Ba6 17. Ra1 Qb7 18. Bd4 Bb5 19. h3 Ne8 20. Nb3 f6 21. Na5
Qc8 22. Qb3 e5 23. Bb2 Qe6 24. e4 Nc7 25. Nd2 Rb8 26. exd5 cxd5 27. Qa2 Be8 28.
c3 f5 29. Rd1 Bf6 30. Nf3 Bf7 31. Re1 Qa6 32. Nxe5 Re8 33. Nf3 Rxe1+ 34. Nxe1 d4
35. Qa1 d3 36. Qd1 Bd5 37. Nxd3 Ne6 38. Ne1 Qa8 39. Nf3 Nf4 40. c4 Nxh3+ 41.
gxh3 Bxf3 42. Qd2 Bxb2 0-1

[Event "Titled Tue 10th Jun Early"]
[Site "chess.com INT"]
[Date "2025.06.10"]
[Round "6"]
[White "Troltenier, Dirk"]
[Black "Toropov, Pavel"]
[Result "1/2-1/2"]
[WhiteTitle "FM"]
[BlackTitle "FM"]
[WhiteElo "2174"]
[BlackElo "2308"]
[WhiteFideId "4606400"]
[BlackFideId "24129178"]
[EventDate "2025.06.10"]

1. e4 d5 2. exd5 Qxd5 3. Nc3 Qd6 4. d4 Nf6 5. Nf3 a6 6. g3 b5 7. Bg2 Bb7 8. O-O
e6 9. Bf4 Qb6 10. Be3 Nd5 11. Nxd5 Bxd5 12. b3 Nd7 13. Re1 Bb4 14. Bd2 Bd6 15.
c4 bxc4 16. bxc4 Bxc4 17. Ne5 Bxe5 18. dxe5 Bd5 19. Bxd5 exd5 20. e6 fxe6 21.
Qh5+ Kf8 22. Bc3 Nf6 23. Bxf6 gxf6 24. Rab1 Qd6 25. Re3 Qe7 26. Rbe1 e5 27. Rxe5
fxe5 28. Rxe5 Qf7 29. Rf5 Qxf5 30. Qxf5+ Ke7 31. Qe5+ Kd7 32. Qxd5+ Ke7 33. Qe5+
Kf7 34. Qf5+ Kg7 35. Qg5+ Kf7 36. Qf5+ Ke7 37. Qe5+ Kd7 38. Qd5+ Ke7 39. Qe5+ 1/2-1/2

[Event "Titled Tue 10th Jun Early"]
[Site "chess.com INT"]
[Date "2025.06.10"]
[Round "6"]
[White "Materia, Marco"]
[Black "So, Wesley"]
[Result "1-0"]
[WhiteTitle "IM"]
[BlackTitle "GM"]
[WhiteElo "2489"]
[BlackElo "2745"]
[WhiteFideId "45150451"]
[BlackFideId "5202213"]
[EventDate "2025.06.10"]

1. Nf3 c5 2. c4 Nf6 3. Nc3 e6 4. e3 a6 5. d4 d5 6. cxd5 exd5 7. Be2 c4 8. a4 Nc6
9. O-O Na5 10. Qc2 Bb4 11. Bd2 Nb3 12. Rad1 Qe7 13. Be1 Be6 14. Ne5 O-O 15. f4
Bxc3 16. bxc3 Ne4 17. Bxc4 dxc4 18. Qxe4 f5 19. Qf3 Rad8 20. e4 fxe4 21. Qxe4
Bd5 22. Qe3 b5 23. axb5 axb5 24. f5 Ra8 25. g4 Bb7 26. Bg3 Rfe8 27. Rf2 Qd6 28.
d5 Ra1 29. Rff1 Ra2 30. Nxc4 Qd8 31. Ne5 Bxd5 32. Rf2 Rxf2 33. Kxf2 Qa8 34. Bf4
Qa2+ 35. Qe2 Qa7+ 36. Kg3 Qc5 37. Qd3 Ba8 38. Qd7 Qxc3+ 39. Kh4 Qc8 40. Qf7+ Kh8
41. Rd7 Rg8 42. Qh5 Re8 43. f6 Rxe5 44. fxg7+ Kg8 45. Qf7# 1-0

[Event "Titled Tue 10th Jun Early"]
[Site "chess.com INT"]
[Date "2025.06.10"]
[Round "6"]
[White "Goryachkina, Aleksandra"]
[Black "Mitev, Valentin"]
[Result "1/2-1/2"]
[WhiteTitle "GM"]
[BlackTitle "FM"]
[WhiteElo "2533"]
[BlackElo "2323"]
[WhiteFideId "4147103"]
[BlackFideId "2921707"]
[EventDate "2025.06.10"]

1. e4 c5 2. Nf3 d6 3. d4 cxd4 4. Nxd4 Nf6 5. Nc3 Nc6 6. Bg5 Bd7 7. Qd2 Rc8 8.
O-O-O Nxd4 9. Qxd4 Qa5 10. Bxf6 gxf6 11. Kb1 Bg7 12. f4 Rg8 13. f5 Qc5 14. Qd3
Bh6 15. Nd5 Ba4 16. Nc3 Bc6 17. Qh3 Qe3 18. Qxe3 Bxe3 19. g3 Bc5 20. Be2 e6 21.
Rhf1 Ke7 22. a3 a6 23. Bf3 Rg5 24. Ne2 exf5 25. exf5 Rxf5 26. Nf4 Bxf3 27. Rxf3
Kf8 28. b4 Ba7 29. Rxd6 Bb8 30. Rd7 b6 31. Re3 Be5 32. Rb7 Rc6 33. Rd3 Bxf4 34.
gxf4 Rxf4 35. Rdd7 Rf1+ 36. Kb2 Rf2 37. Rxf7+ Kg8 38. Rg7+ Kf8 39. Rxh7 Rfxc2+
40. Kb1 Rc1+ 41. Kb2 R1c2+ 42. Kb1 Rc1+ 43. Kb2 R1c2+ 1/2-1/2